Caos /
Guardado en:
| Hovedforfatter: | |
|---|---|
| Format: | Ukendt |
| Sprog: | Spanish |
| Udgivet: |
Guatemala :
Editorial Universitaria,
1949.
|
| Fag: | |
| Tags: |
Tilføj Tag
Ingen Tags, Vær først til at tagge denne postø!
|
MARC
| LEADER | 000000000a22000000004500 | ||
|---|---|---|---|
| 001 | 015672 | ||
| 008 | 171030b xxu||||| |||| 00| 0 spa d | ||
| 041 | 0 | |a spa | |
| 082 | 0 | 4 | |a G863.4 |b H565ca |
| 100 | 1 | |a Herrera, Flavio, |d 1895- | |
| 245 | 1 | 0 | |a Caos / |c Flavio Herrera. |
| 260 | 1 | |a Guatemala : |b Editorial Universitaria, |c 1949. | |
| 300 | |a 187 páginas | ||
| 650 | 4 | |a LITERATURA GUATEMALTECA |9 46 | |
| 942 | |c BK |2 ddc | ||
| 999 | |c 21513 |d 21513 | ||
